Εισαγωγή στις χρηματοοικονομικές αγορές
Saved in:
| Main Author: | |
|---|---|
| Format: | Book |
| Language: | Greek |
| Published: |
Αθήνα :
Παπαϊωάννου Δημήτρης Φ.,
2002
|
| Edition: | 2η έκδ. |
| Subjects: | |
| Tags: |
Add Tag
No Tags, Be the first to tag this record!
|
MARC
| LEADER | 00000cam a2200000 i 4500 | ||
|---|---|---|---|
| 001 | 1/48507 | ||
| 008 | 070718s2002 gre d | ||
| 020 | |a 960-91282-0-3 | ||
| 035 | |l 10088935 | ||
| 040 | |a GR-MY-UA |b gre |e aacr | ||
| 041 | 0 | |a gre | |
| 082 | 0 | |a 332.632 |2 (22) | |
| 100 | 1 | |a Παπαϊωάννου, Δημήτρης Φ. |4 aut | |
| 245 | 1 | 0 | |a Εισαγωγή στις χρηματοοικονομικές αγορές / |c Δημήτρης Παπαϊωάννου |
| 250 | |a 2η έκδ. | ||
| 260 | |a Αθήνα : |b Παπαϊωάννου Δημήτρης Φ., |c 2002 | ||
| 300 | |a 346σ.; |c 23εκ. | ||
| 500 | |a Αγορές συναλλάγματος,αγορές χρήματος,ομόλογα,προθεσμιακές αγορές,futures,fras,interest rate swaps,options | ||
| 504 | |a Βιβλιογραφία σ. 348 | ||
| 650 | 0 | 0 | |a Stock exchanges. |
| 852 | |a INST |b CHIOS |e 20070718 |h 332.632 ΠΑΠ |p 005200026078 |q 005200026078 |t BK |y 0 | ||
| 852 | |a INST |b CHIOS |e 20090824 |h 332.632 ΠΑΠ |p 005200029931 |q 005200029931 |t BK |y 0 | ||
| 852 | |a INST |b CHIOS |e 20090824 |h 332.632 ΠΑΠ |p 005200029932 |q 005200029932 |t BK |y 0 | ||
| 901 | |a BIBL2-2007-2 | ||
| 901 | |a BIBL2-2009-2 | ||
| 909 | |a Χ |b 136017 | ||
| 909 | |a Χ |b 147728 | ||
| 909 | |a Χ |b 147729 | ||
| 922 | |a 2ΕΛΗ |b 200708 |c ΕΠΕΑΕΚ2/ΤΝΕΥ |d ΠΑΤΑΚΗΣ | ||
| 970 | |a ΒΑΡΦΗΣ |b ΒΑΓΓΕΛΗΣ |z 2007/07/18 | ||